00309nam a2200145Ia 4500008004100000041000800041082001400049100001900063245001300082250000800095260002500103300000800128542001500136650001200151220531s9999 xx 000 0 und d aeng bNAM / LAH aLahiri, Jhumpa aNamesake a1ST bHarper Collinsc2006 a291 d01-03-2007 aEnglish